Tridsať rokov Poľského divadla vo Varšave

Bibliographic Details
Main Author: Sikorski, Janusz (Author)
Format: Article
Language:Slovak

MARC

LEADER 00000nab a2200000ua 4500
001 vtls010777912
003 SK-MaSNL
005 20260303102726.0
008 230121s1977 xo |||||||||||||||||slo|
035 |a (urnnbn)urn:nbn:sk:snk:ar-a00gq7 
035 |a (uuid)6583dbc6-2f14-4327-b986-3841f05f935b 
035 |a urn:nbn:sk:snk-ab48aq 
040 |a SNKBUCL  |b slo  |c SNKBUCL  |e AACR2 
041 0 |a slo 
044 |a xo  |c SK 
100 1 |a Sikorski, Janusz  |4 aut  |9 1116053 
245 1 0 |a Tridsať rokov Poľského divadla vo Varšave  |c Janusz Sikorski 
773 0 |t Film a divadlo  |g Roč. 21, č. 9 (1977), s. [17] 
954 |a odborná, vedecká literatúra pôvodná (slovenská)  |2 lita 
958 |a OND 
958 |a EUIPO 
958 |a article3 
999 |c 1844516  |d 1846446